Odkladanie rodenia detí a neskorá plodnosť v európskom priestore

Analýza súčasného stavu v úrovni a podiele plodnosti žien v neskorom veku v európskom priestore. Existujúce priestorové diferencie. Identifikácia častí populácie, ktoré najviac pokročili v procese odkladania plodnosti a naopak tých, ktoré sa vyznačujú nižšou intenzitou neskorej plodnosti a využívaní...

Full description

Saved in:
Bibliographic Details
Main Author: Šprocha, Branislav
Other Authors: Bačík, Vladimír
Format: Book Chapter
Language:Slovak
English
Subjects:
Tags: Add Tag
No Tags, Be the first to tag this record!

MARC

LEADER 00000naa a2200000 4500
001 0269006
005 20210323131400.6
041 0 |a slo 
041 0 |a eng 
044 |a CZ 
245 1 0 |a Odkladanie rodenia detí a neskorá plodnosť v európskom priestore  |c Branislav Šprocha, Vladimír Bačík 
520 |a Analýza súčasného stavu v úrovni a podiele plodnosti žien v neskorom veku v európskom priestore. Existujúce priestorové diferencie. Identifikácia častí populácie, ktoré najviac pokročili v procese odkladania plodnosti a naopak tých, ktoré sa vyznačujú nižšou intenzitou neskorej plodnosti a využívaním pokročilého reprodukčného veku žien. Historické črty neskorej plodnosti v Európe. Odkladanie rodenia prvých detí, starnutie vekového profilu a neskorá plodnosť. 
610 2 0 |a demografia sociálna 
610 2 0 |a plodnosť 
610 2 0 |a reprodukcia obyvateľstva 
610 2 0 |a štatistika demografická 
610 2 0 |a ukazovatele demografické 
610 2 0 |a diferenciácia demografická 
610 2 0 |a skupiny vekové 
610 2 0 |a vývoj populačný 
610 2 0 |a Európa 
100 1 |a Šprocha, Branislav 
700 1 |a Bačík, Vladimír